| 000 | 00542nam a2200193 a 4500 | ||
|---|---|---|---|
| 005 | 20240614063703.0 | ||
| 008 | 991125s1975 par 000 0 eng u | ||
| 035 | _aUPN01000024681 | ||
| 049 | _aCG | ||
| 050 | 4 | _aPE1121 CH4.4 | |
| 100 | 1 | _aChevallier, Sheila | |
| 245 | 1 | 0 |
_aFirst steps to linguistics / _cSheila Chevallier |
| 260 |
_aParís : _bHachette, _c1975 |
||
| 300 | _a43 p. | ||
| 440 | 0 | _aFacts and fiction in easy english. Second grade | |
| 650 | 4 |
_aInglés _xEstudio y enseñanza _918 |
|
| 904 |
_aAC _b024682 |
||
| 905 | _aLibro | ||
| 999 |
_c24681 _d24681 |
||